三省交界#5 蒙陕宁 Junction of three provinces - Statistics

General Stats
  • This quiz has been taken 13 times
  • The average score is 7 of 9
Answers on the Map
Answers color-coded by a green-red scale on the quiz's map according to % correct below.
 
Answer Stats
% Correct
鄂尔多斯市
90%
榆林市
90%
吴忠市
90%
内蒙古自治区
90%
陕西省
90%
宁夏回族自治区
90%
定边县
50%
盐池县
40%
鄂托克前旗
30%
No matching quizzes found
Score Distribution
Percent of People with Each Score
Percentile by Number Answered
Your Score History
You have not taken this quiz